Normal view
MARC view
- القاري، ملا علي ؛ تحقيق: أسامة عطايا ؛ مراجعة: أحمد خالد شكري
Entry Personal Name
001 - CONTROL NUMBER
- control field: 23792
003 - CONTROL NUMBER IDENTIFIER
- control field: JO-AjAnu
005 - DATE AND TIME OF LATEST TRANSACTION
- control field: 20230606074104.0
008 - FIXED-LENGTH DATA ELEMENTS
- fixed length control field: 230606|| aca||aabn | a|a d
040 ## - CATALOGING SOURCE
- Original cataloging agency: JO-AjAnu
- Transcribing agency: JO-AjAnu
100 ## - HEADING--PERSONAL NAME
- Personal name: القاري، ملا علي ؛ تحقيق: أسامة عطايا ؛ مراجعة: أحمد خالد شكري
670 ## - SOURCE DATA FOUND
- Source citation: Work cat.: (JO-AjAnu)12231: القاري، ملا علي ؛ تحقيق: أسامة عطايا ؛ مراجعة: أحمد خالد شكري, author, المنح الفكرية في شرح المقدمة الجزرية